Средняя история

Bibliographic Details
Main Author: Трачевский А. С. Александр Семенович
Summary:Комбинированный переплет стиснением
Текст в русской дореформенной орфографии
Language:Russian
Published: Санкт-Петербург, Издание К. Л. Риккера, 1897
Edition:2-е изд., испр. и доп.
Subjects:
Format: Book
KOHA link:https://koha.lib.tpu.ru/cgi-bin/koha/opac-detail.pl?biblionumber=310732

MARC

LEADER 00000nam0a2200000 4500
001 310732
005 20240731125138.0
035 |a (RuTPU)RU\TPU\book\336084 
090 |a 310732 
100 |a 20151127d1897 m y0rusy50 ca 
101 0 |a rus 
102 |a RU 
105 |a a j 001zy 
200 1 |a Средняя история  |f А. С. Трачевский 
205 |a 2-е изд., испр. и доп. 
210 |a Санкт-Петербург  |c Издание К. Л. Риккера  |c Типография М. Стасюлевича  |d 1897 
215 |a VIII; 717 с.  |c 119 рис. и 10 карт. 
300 |a Комбинированный переплет стиснением 
300 |a Текст в русской дореформенной орфографии 
317 |5 63413507: М-132039  |a Поступила в НТБ Вв 1970 г. в составе книжного собрания профессора ТПИ И. Н. Бутакова 
320 |a Указатель имен и предметов: с. 689-717 
320 |a Указатель годов: с. 677-687 
320 |a Рисунки: с. VI-VIII 
600 0 |a Юстиниан  |d I  |c византийский император  |f 482/483-565  |2 stltpush  |3 (RuTPU)RU\TPU\pers\537 
600 0 |a Мухаммед (Мухаммад, Мохаммед, Магомет, Магомед)  |c основатель ислама  |c глава первого арабского государства  |c пророк  |f около 570-632  |2 stltpush  |3 (RuTPU)RU\TPU\pers\9818  |9 2025 
600 0 |a Карл Великий  |c франкский король из династии Каролингов  |c император  |f 742-814  |7 ca  |8 rus  |2 stltpush  |3 (RuTPU)RU\TPU\pers\7142  |9 1329 
600 0 |a Оттон  |d II  |c император "Священной Римской империи"  |f 955-983  |2 stltpush  |3 (RuTPU)RU\TPU\pers\11598 
600 0 |a Оттон Великий  |d I  |c германский король  |f 912-973  |2 stltpush  |3 (RuTPU)RU\TPU\pers\9921 
600 0 |a Оттон Чудо Света  |d III  |c император Священной Римской империи  |f 980-1002  |2 stltpush  |3 (RuTPU)RU\TPU\pers\9922 
600 0 |a Генрих  |d II  |f 1133-1189  |c король Англии из династии Плантагенетов  |c герцог Нормандский  |2 stltpush  |3 (RuTPU)RU\TPU\pers\7709 
600 0 |a Генрих  |d III  |f 1207-1272  |c король Англии из династии Плантагенетов  |2 stltpush  |3 (RuTPU)RU\TPU\pers\19569 
600 0 |a Генрих  |d IV  |c король Наварры, король Франции из династии Бурбонов  |f 1553-1610  |2 stltpush  |3 (RuTPU)RU\TPU\pers\10053 
600 0 |a Григорий  |d VII  |c папа Римский  |f 1015-1085  |2 stltpush  |3 (RuTPU)RU\TPU\pers\9946 
600 0 |a Вильгельм Завоеватель  |d I  |c аглийский король  |f 1027-1087  |c герцог Нормандии  |2 stltpush  |3 (RuTPU)RU\TPU\pers\9926 
600 0 |a Фридрих Барбаросса  |d I  |f около 1125-1190  |c император Священной Римской Империи из династии Гогенштауфенов  |c герцг Швабии, король Немецкий  |2 stltpush  |3 (RuTPU)RU\TPU\pers\9949 
600 0 |a Филипп Август  |c король Франции из династии Капетингов  |d II  |f 1165-1223  |9 7513 
600 0 |a Ричард Львиное Сердце  |d I  |c король Англии из династии Плантагенетов  |f 1157-1199  |2 stltpush  |3 (RuTPU)RU\TPU\pers\9762 
600 0 |a Филипп  |d II  |c король Испании, король Португалии из династии Габсбургов  |f 1527-1598  |2 stltpush  |3 (RuTPU)RU\TPU\pers\10051 
600 0 |a Людовик  |d XVI  |c король Франции из династии Бурбонов  |f 1754-1793  |2 stltpush  |3 (RuTPU)RU\TPU\pers\603 
600 0 |a Рудольф  |d I  |f 1218-1291  |c император Священной Римской Империи из династии Габсбургов  |c граф Габсбург, герцог Австрийский, король Немецкий  |2 stltpush  |3 (RuTPU)RU\TPU\pers\9950 
600 0 |a Людовик Святой  |c король Франции из династии Капетингов  |d IX  |f 1215-1270  |9 7514 
600 1 |a Данте  |g Алигьери  |c итальянский поэт  |f 1265-1321  |b А.  |2 stltpush  |3 (RuTPU)RU\TPU\pers\483 
600 0 |a Филипп Красивый  |c французский король из династии Капетингов  |d IV  |f 1286-1314  |9 639 
600 0 |a Эдуард  |d I  |c король Англии из династии Плантагенетов  |f 1239-1307  |2 stltpush  |3 (RuTPU)RU\TPU\pers\19571 
600 0 |a Эдуард  |d II  |c король Англии из династии Плантагенетов  |f 1284-1327  |2 stltpush  |3 (RuTPU)RU\TPU\pers\19572 
600 0 |a Эдуард  |d III  |c король Англии из династии Плантагенетов  |f 1312-1377  |2 stltpush  |3 (RuTPU)RU\TPU\pers\19573 
600 0 |a Карл  |d V  |c Карлос I  |c император Священной Римской Империи из династии Габсбургов  |f 1500-1558  |c король Испании, король Немецкий  |2 stltpush  |3 (RuTPU)RU\TPU\pers\10049 
600 0 |a Ричард  |d II  |c король Англии из династии Плантагенетов  |f 1367-1399  |2 stltpush  |3 (RuTPU)RU\TPU\pers\19570 
600 0 |a Карл  |d VII  |c король Франции из династии Валуа  |f 1403-1461  |2 stltpush  |3 (RuTPU)RU\TPU\pers\772 
600 0 |a Жанна д'Арк  |c Орлеанская дева  |c народная героиня Франции  |f около 1412-1431  |2 stltpush  |3 (RuTPU)RU\TPU\pers\171  |9 92 
600 0 |a Карл Смелый  |c герцог Бургундский, граф Шароле из династии Капетингов (Валуа)  |c возглавил мятеж против французского короля Людовика XI  |f 1433-1477  |9 2120 
600 0 |a Изабелла Кастильская  |c испанская королева  |c жена Фердинанда II Арагонского  |f 1451-1504  |2 stltpush  |3 (RuTPU)RU\TPU\pers\11430  |9 2625 
600 1 |a Савонарола  |g Джироламо  |b Дж.  |c настоятель монастыря доминиканцев во Флоренции  |f 1452-1498  |2 stltpush  |3 (RuTPU)RU\TPU\pers\919 
600 1 |a Колумб  |g Христофор  |b Х.  |c португальский мореплаватель  |f 1451-1506  |2 stltpush  |3 (RuTPU)RU\TPU\pers\1421 
606 1 |a Средние века  |x История  |2 stltpush  |3 (RuTPU)RU\TPU\subj\59051  |9 76699 
610 1 |a история 
610 1 |a Средневековье 
610 1 |a феодализм 
610 1 |a папство 
610 1 |a крестовые походы 
610 1 |a рыцарство 
610 1 |a монархизм 
610 1 |a классицизм 
610 1 |a учебники 
610 1 |a владельческая надпись 
610 1 |a библиотека И. Н. Бутакова 
610 1 |a династии 
686 |a Т3(0)4  |2 rubbk 
700 1 |a Трачевский  |b А. С.  |c русский историк  |f 1838-1906  |g Александр Семенович  |3 (RuTPU)RU\TPU\pers\35706 
801 1 |a RU  |b 63413507  |c 20151127 
801 2 |a RU  |b 63413507  |c 20190722  |g RCR 
942 |c BK